| 000 | 00721 a2200205 4500 | ||
|---|---|---|---|
| 003 | NUST | ||
| 005 | 20230120172857.0 | ||
| 010 | _a 80017891 | ||
| 020 | _a0137625421 | ||
| 040 | _cNust | ||
| 082 | 0 | 0 | _a728.302433,KLE |
| 100 | 1 |
_aKleeman, Leonard, _947467 |
|
| 245 | 1 | 0 |
_aReal estate encyclopedia of home design, construction, and architecture / _cLeonard Kleeman. |
| 260 |
_aEnglewood Cliffs, N.J. : _bPrentice-Hall, _cc1981. |
||
| 300 |
_a333 p. : _bill. ; _c29 cm. |
||
| 505 | _aArchitectural Design and Function (Page-21), The Construction Process (Page-109), Mechanical Systems (Page-225). | ||
| 650 | 0 | _aArchitecture, Domestic. | |
| 650 | 0 |
_aReal estate business. _947468 |
|
| 942 |
_2ddc _cBK _k728.302433,KLE |
||
| 999 |
_c185212 _d185212 |
||